| 000 | 00699nam a22002177a 4500 | ||
|---|---|---|---|
| 999 |
_c5630 _d5630 |
||
| 003 | AR-CdUCM | ||
| 008 | 190313b ||||| |||| 00| 0 spa d | ||
| 040 |
_aMUNICIPALIDAD PROVINCIAL DEL CUSCO _cBIBLIOTECA MUNICIPAL DEL CUSCO |
||
| 082 |
_27ed. _a868.23 / _bR78 |
||
| 100 |
_aRojas, Fernando de _916710 |
||
| 245 | _aLa celestina o tragicomedia de Calisto y Melibea / | ||
| 260 |
_aBuenos Aires : _bSopena Argentina, _c1967. |
||
| 300 |
_a204 páginas ; _c19 cm. |
||
| 440 |
_aColección Literaria Sopena. _916826 |
||
| 650 |
_aTeatro español _9648 |
||
| 650 |
_aAdaptaciones _91309 |
||
| 650 |
_aPeriodo de transicion _916712 |
||
| 650 |
_aLiteratura _983 |
||
| 942 |
_2ddc _cLIBROS |
||
| 945 | _azta | ||